Normal view
MARC view
Entry Personal Name
001 - CONTROL NUMBER
- control field: 46592
003 - CONTROL NUMBER IDENTIFIER
- control field: ARRUPE
005 - DATE AND TIME OF LATEST TRANSACTION
- control field: 20190603120703.0
008 - FIXED-LENGTH DATA ELEMENTS
- fixed length control field: 190603|| aca||aabn | a|a d
040 ## - CATALOGING SOURCE
- Original cataloging agency: ARRUPE
- Transcribing agency: ARRUPE
100 ## - HEADING--PERSONAL NAME
- Personal name: Macedo, Donaldo P.
- Fuller form of name: (Donaldo Pereira),
- Dates associated with a name: 1950-
- Relator term: author of foreword.
670 ## - SOURCE DATA FOUND
- Source citation: Work cat.: (ARRUPE)0: Darder, Antonia, author. 46589, The student guide to Freire's Pedagogy of the Oppressed /, 2018